Sitze der Bundesgerichte - Statistiken

Allgemein
  • Dieses Quiz wurde 69 mal gespielt
  • Das Durchschnittsergebnis liegt bei 8 aus 12
Antwortstatistiken
Hint Antwort % Korrekt
Bundesgerichtshof (BGH) Karlsruhe
96%
Bundesverfassungsgericht (BVerfG) Karlsruhe
96%
Bundesfinanzhof (BFH) München
87%
Bundespatentgericht (BPatG) München
87%
Truppendienstgericht Süd München
87%
Bundesverwaltungsgericht (BVerwG) Leipzig
78%
Bundesdisziplinargericht (BDiG) Frankfurt am Main
75%
Bundessozialgericht (BSG) Kassel
61%
Bundesarbeitsgericht (BAG) Erfurt
58%
Europäischer Gerichtshof für Menschenrechte (EGMR) Straßburg
52%
Europäischer Gerichtshof (EuGH) Luxemburg
43%
Truppendienstgericht Nord Münster
30%
Keine übereinstimmenden Quizze gefunden
Verteilung der Resultate
Anzahl Personen mit jedem Resultat
Perzentil nach korrekt beantworteten Fragen
Ihre Resultats-Entwicklung
Sie haben dieses Quiz noch nicht gespielt